Catálogo público

Fertilidad y obstetricia del ganado vacuno / (Record no. 167331)

MARC details
000 -CABECERA
campo de control de longitud fija 01326nam a2200397 a 4500
001 - NÚMERO DE CONTROL
campo de control Z_4267
003 - IDENTIFICADOR DEL NÚMERO DE CONTROL
campo de control CHAP
005 - FECHA Y HORA DE LA ÚLTIMA TRANSACCIÓN
campo de control 20240419115454.0
007 - CAMPO FIJO DE DESCRIPCIÓN FÍSICA--INFORMACIÓN GENERAL
campo de control de longitud fija ta
008 - DATOS DE LONGITUD FIJA--INFORMACIÓN GENERAL
campo de control de longitud fija 220113t1997 sp ado fr 001 0 spa d
010 ## - NÚMERO DE CONTROL DE LA BIBLIOTECA DEL CONGRESO
Número de control de LC 167331
020 ## - NÚMERO INTERNACIONAL ESTÁNDAR DEL LIBRO
Número Internacional Estándar del Libro 84-200-0875-3
040 ## - FUENTE DE LA CATALOGACIÓN
Centro/agencia transcriptor CHAP
Centro catalogador/agencia de origen Z
082 00 - NÚMERO DE LA CLASIFICACIÓN DECIMAL DEWEY
Número de clasificación 636.20898
Número de documento/Ítem N63 1997
Número de edición 20
100 00 - ENTRADA PRINCIPAL--NOMBRE DE PERSONA
Nombre de persona Noakes, David E.
9 (RLIN) 81513
Término indicativo de función/relación autor
240 10 - TÍTULO UNIFORME
Título uniforme Fertility and obstetrics in cattle
Lenguaje de la obra Epañol
245 10 - MENCIÓN DE TÍTULO
Título Fertilidad y obstetricia del ganado vacuno /
Mención de responsabilidad, etc. David E. Noakes; traducción Pedro Ducar Maluenda
250 ## - MENCIÓN DE EDICIÓN
Mención de edición 2a edición
264 ## - PRODUCCIÓN, PUBLICACIÓN, DISTRIBUCIÓN, FABRICACIÓN Y COPYRIGHT
Producción, publicación, distribución, fabricación y copyright Zaragoza:
Nombre del de productor, editor, distribuidor, fabricante Acribia
Fecha de producción, publicación, distribución, fabricación o copyright 1997
300 ## - DESCRIPCIÓN FÍSICA
Extensión xv, 175 páginas: ilustraciones, gráficas, tablas, fotografías
336 ## - TIPO DE CONTENIDO
Término de tipo de contenido texto
Fuente rdaconten
337 ## - TIPO DE MEDIO
Fuente rdamedia
Nombre/término del tipo de medio sin medio
Código del tipo de medio n
338 ## - TIPO DE SOPORTE
Fuente rdacarrier
Nombre/término del tipo de soporte volumen
Código del tipo de soporte nc
504 ## - NOTA DE BIBLIOGRAFÍA, ETC.
Nota de bibliografía, etc. Bibliografía: paginas 171
534 ## - NOTA SOBRE LA VERSIÓN ORIGINAL
Publicación, distribución, etc. del original Oxford, Cambridge, Mass. : Blackwell Science Limited, 1997
Frase introductoria Titulo original:
Mención de título del original Fertility and obstetrics in cattle, 2a ed.
650 13 - PUNTO DE ACCESO ADICIONAL DE MATERIA--TÉRMINO DE MATERIA
Término de materia o nombre geográfico como elemento de entrada Ganado bovino
Subdivisión general Fertilidad
9 (RLIN) 138033
650 10 - PUNTO DE ACCESO ADICIONAL DE MATERIA--TÉRMINO DE MATERIA
Término de materia o nombre geográfico como elemento de entrada Ganado bovino
Subdivisión general Reproducción
9 (RLIN) 138033
650 13 - PUNTO DE ACCESO ADICIONAL DE MATERIA--TÉRMINO DE MATERIA
Término de materia o nombre geográfico como elemento de entrada Obstetricia veterinaria
9 (RLIN) 82589
700 1# - PUNTO DE ACCESO ADICIONAL--NOMBRE DE PERSONA
9 (RLIN) 34347
Nombre de persona Ducar Maluenda, Pedro
Término indicativo de función/relación traductor
942 ## - ELEMENTOS DE PUNTO DE ACCESO ADICIONAL (KOHA)
Tipo de ítem Koha Libro_
Fuente del sistema de clasificación o colocación Dewey Decimal Classification
942 ## - ELEMENTOS DE PUNTO DE ACCESO ADICIONAL (KOHA)
Fuente del sistema de clasificación o colocación Dewey Decimal Classification
503 ## - NOTA DE HISTORIA BIBLIOGRÁFICA (BK CF MU) [OBSOLETO]
Nota de historia bibliográfica ej.1: \ ej.2: C/E
901 ## - ELEMENTOS DE DATOS A LOCAL LDA (RLIN)
a 63620898 N63 1997
902 ## - ELEMENTOS DE DATOS B LOCAL, LDB (RLIN)
a M
910 ## - DATOS DE OPCIÓN DEL USUARIO (OCLC)
Datos de opción del usuario 1997
Holdings
Estado de retiro Estado de pérdida Fuente del sistema de clasificación o colocación Estado dañado No para préstamo Código de colección Localización permanente Ubicación/localización actual Fecha de adquisición Fuente de adquisición Signatura topográfica completa Código de barras Fecha visto por última vez Número de copia Precio válido a partir de Tipo de ítem Koha Restricciones de uso Número de inventario
    Dewey Decimal Classification   Excluido de préstamo General Zootecnia Zootecnia 09/11/2005 Compra 636.20898 N63 1997 5102004414 18/01/2022 Ej.1 18/01/2022 Libro    
    Dewey Decimal Classification     General Zootecnia Zootecnia 09/11/2005 Compra 636.20898 N63 1997 5102004542 18/01/2022 Ej.2 18/01/2022 Libro Préstamo interno C/E